| 000 | 00460nmm a2200169Ia 4500 | ||
|---|---|---|---|
| 008 | 251105s9999||||xx |||||||||||||||||und|| | ||
| 020 | _a9788467592719 | ||
| 041 | _aspa | ||
| 100 | _aManso Munné, Anna | ||
| 245 | 0 | _aLo del abuelo | |
| 264 |
_a[Madrid, España] : _bGrupo SM, _c2017 |
||
| 300 | _a152 páginas | ||
| 490 | _aGran angular | ||
| 650 | _aTeen & Young Adult Fiction | ||
| 856 | _uhttps://public.digitaliapublishing.com/a/97305 | ||
| 942 | _cCF | ||
| 999 |
_c83788 _d83788 |
||